<?xml version="1.0" encoding="UTF-8"?>
<record
    xmlns:xsi="http://www.w3.org/2001/XMLSchema-instance"
    xsi:schemaLocation="http://www.loc.gov/MARC21/slim http://www.loc.gov/standards/marcxml/schema/MARC21slim.xsd"
    xmlns="http://www.loc.gov/MARC21/slim">

  <leader>01607nam a22002537a 4500</leader>
  <datafield tag="952" ind1=" " ind2=" ">
    <subfield code="0">0</subfield>
    <subfield code="1">0</subfield>
    <subfield code="2">lcc</subfield>
    <subfield code="4">0</subfield>
    <subfield code="7">0</subfield>
    <subfield code="a">03</subfield>
    <subfield code="b">03</subfield>
    <subfield code="d">2017-10-13</subfield>
    <subfield code="l">6</subfield>
    <subfield code="o">QD31.2 C38118</subfield>
    <subfield code="p">03 001739</subfield>
    <subfield code="r">2018-05-09</subfield>
    <subfield code="s">2018-05-09</subfield>
    <subfield code="t">1</subfield>
    <subfield code="w">2017-10-13</subfield>
    <subfield code="y">LB</subfield>
  </datafield>
  <datafield tag="952" ind1=" " ind2=" ">
    <subfield code="0">0</subfield>
    <subfield code="1">0</subfield>
    <subfield code="2">lcc</subfield>
    <subfield code="4">0</subfield>
    <subfield code="7">0</subfield>
    <subfield code="a">03</subfield>
    <subfield code="b">03</subfield>
    <subfield code="d">2017-10-13</subfield>
    <subfield code="l">3</subfield>
    <subfield code="o">QD31.2 C38118</subfield>
    <subfield code="p">03 001872</subfield>
    <subfield code="r">2018-08-16</subfield>
    <subfield code="s">2018-08-16</subfield>
    <subfield code="t">2</subfield>
    <subfield code="w">2017-10-13</subfield>
    <subfield code="y">LB</subfield>
  </datafield>
  <datafield tag="952" ind1=" " ind2=" ">
    <subfield code="0">0</subfield>
    <subfield code="1">0</subfield>
    <subfield code="2">lcc</subfield>
    <subfield code="4">0</subfield>
    <subfield code="7">0</subfield>
    <subfield code="a">13</subfield>
    <subfield code="b">13</subfield>
    <subfield code="d">2019-10-30</subfield>
    <subfield code="l">4</subfield>
    <subfield code="o">QD31.2 C38 2017</subfield>
    <subfield code="p">13 004952</subfield>
    <subfield code="r">2020-02-28</subfield>
    <subfield code="s">2020-02-28</subfield>
    <subfield code="t">1</subfield>
    <subfield code="w">2019-10-30</subfield>
    <subfield code="y">LB</subfield>
  </datafield>
  <datafield tag="999" ind1=" " ind2=" ">
    <subfield code="c">102565</subfield>
    <subfield code="d">102565</subfield>
  </datafield>
  <controlfield tag="008">171013s2017    mx a|||| |||| 00| 0 spa d</controlfield>
  <datafield tag="020" ind1=" " ind2=" ">
    <subfield code="a">9786071513939</subfield>
  </datafield>
  <datafield tag="050" ind1=" " ind2=" ">
    <subfield code="a">QD31.2</subfield>
    <subfield code="b">C38118</subfield>
  </datafield>
  <datafield tag="100" ind1=" " ind2=" ">
    <subfield code="a">Chang, Raymond</subfield>
    <subfield code="e">autor</subfield>
  </datafield>
  <datafield tag="240" ind1=" " ind2=" ">
    <subfield code="a">Chemistry</subfield>
    <subfield code="l">espa&#xF1;ol</subfield>
  </datafield>
  <datafield tag="245" ind1=" " ind2=" ">
    <subfield code="a">Quimica</subfield>
    <subfield code="c"> / Raymond Chang, Kenneth A. Goldsby ; traducci&#xF3;n Gabriel Nagore  </subfield>
  </datafield>
  <datafield tag="250" ind1=" " ind2=" ">
    <subfield code="a">12a. edici&#xF3;n</subfield>
  </datafield>
  <datafield tag="260" ind1=" " ind2=" ">
    <subfield code="a">M&#xE9;xico</subfield>
    <subfield code="b"> : McGraw Hill</subfield>
    <subfield code="c">, 2017</subfield>
  </datafield>
  <datafield tag="300" ind1=" " ind2=" ">
    <subfield code="a">xxx, 1109 p&#xE1;ginas</subfield>
    <subfield code="b"> : ilustraciones</subfield>
  </datafield>
  <datafield tag="500" ind1=" " ind2=" ">
    <subfield code="a">Incluye: glosario (pp.1102-1109)
Incluye: &#xED;ndice anal&#xED;tico  (I1-I14)</subfield>
  </datafield>
  <datafield tag="505" ind1=" " ind2=" ">
    <subfield code="a">1. Quimica: el estudio del cambio.
2. &#xC1;tomos, moleculas y iones.
3. Relaciones de masa en reasciones qu&#xED;micas.
4. Reacciones en disoluci&#xF3;n acuosa.
5. Gases y termoquimica.
6.Teoria cuant&#xED;ca y la estructura electr&#xF3;nica de los &#xE1;tomos.
7. Relaciones peri&#xF3;dicas entre elementos.
8. Enlace qu&#xED;mico I: Conceptos b&#xE1;sicos.
9. Enlace qu&#xED;mico II: Geometria molecular e hibridaci&#xF3;n de orbitales at&#xF3;micos.
10. Fuerzas moleculares, l&#xED;quidos y s&#xF3;lidos.
11. Propiedades f&#xED;sicas de las disoluciones.
12. Cinetica qu&#xED;mica y equilibrio qu&#xED;mico.
13. &#xC1;cidos y bases.</subfield>
  </datafield>
  <datafield tag="519" ind1=" " ind2=" ">
    <subfield code="a">Praparatoria UNAM /</subfield>
    <subfield code="b">5to a&#xF1;o de preparatoria / </subfield>
    <subfield code="c">Quimica III (1501) /</subfield>
    <subfield code="d">(03 001739) (03 001872)</subfield>
  </datafield>
  <datafield tag="519" ind1=" " ind2=" ">
    <subfield code="a">DGB /</subfield>
    <subfield code="b">Prepa UIN /</subfield>
    <subfield code="c">Temas selectos de Qu&#xED;mica I /</subfield>
    <subfield code="d">(13 004952)</subfield>
  </datafield>
  <datafield tag="650" ind1="1" ind2="0">
    <subfield code="a">QUIMICA</subfield>
    <subfield code="x">ESTUDIO Y ENSE&#xD1;ANAZA</subfield>
  </datafield>
  <datafield tag="700" ind1=" " ind2=" ">
    <subfield code="a">Goldsby, Kenneth A.</subfield>
    <subfield code="e">autor</subfield>
  </datafield>
  <datafield tag="700" ind1=" " ind2=" ">
    <subfield code="a">Nagore, Gabriel</subfield>
    <subfield code="e">traductor</subfield>
  </datafield>
  <datafield tag="942" ind1=" " ind2=" ">
    <subfield code="c">LB</subfield>
    <subfield code="2">lcc</subfield>
  </datafield>
</record>
